| 000 | 01007nas a2200313 4500 | ||
|---|---|---|---|
| 001 | BR0002727 | ||
| 003 | BR-BrBNA | ||
| 005 | 20231205101855.0 | ||
| 007 | ta | ||
| 008 | 230509b bl.|||p| |||| 00| 00por d | ||
| 040 |
_aBR-BrBNA _bpor _cBiblioteca Nacional de Agricultura |
||
| 041 | _a(Pt) | ||
| 072 | _aL40; M12 | ||
| 100 | 1 | _aSeixas Filho, J.T. de | |
| 100 | 1 | _aBras, J. de M. | |
| 100 | 1 | _aGomide, A.T. de M. | |
| 100 | 1 | _aOliveira, M.G. de A. | |
| 100 | 1 | _aDonzele, J.L. | |
| 100 | 1 | _aMenin, E. | |
| 245 | 1 | _aAnatomia funcional e morfometria dos intestinos e dos cecos piloricos do teleostei (pisces)de agua doce Brycon orbignyanus (Valenciennes, 1849) | |
| 650 | _aPiracanjuba | ||
| 650 | _aAnatomia Animal | ||
| 650 | _aIntestino | ||
| 650 | _aNutricao Animal | ||
| 650 | _aMinas Gerais | ||
| 773 | 0 |
_tRevista Brasileira de Zootecnia (Brazil) _xISSN 1516-3598 _g(Mar-Apr 2000), v. 29(2) p. 313-324 _wBR0002727 |
|
| 909 |
_a202311 _bLúcia _c55 _dLúcia Elande |
||
| 942 |
_2AGRIS _n0 _cANA |
||
| 999 |
_c164448 _d164448 |
||